[Event "2015 Edmonton Championship"]
[Site "Edmonton"]
[Date "2015.01.19"]
[Round "1.3"]
[White "Matras-Clement, Agnieszka"]
[Black "Dean, Tim"]
[Result "1-0"]
[WhiteElo "2263"]
[BlackElo "1938"]
[PlyCount "33"]
[EventDate "2015.01.08"]
[EventType "k.o."]
[EventRounds "4"]
[EventCountry "CAN"]

1. e4 e5 2. Nf3 Nc6 3. Nc3 Nf6 4. d4 exd4 5. Nxd4 Bc5 6. Nxc6 bxc6 7. Bd3 O-O
8. O-O d6 9. Bg5 h6 10. Bh4 Rb8 11. Na4 Bb6 12. Nxb6 cxb6 13. f4 Re8 14. Qf3
Bg4 15. Bxf6 Qxf6 16. Qxg4 Qxb2 17. Kh1 1-0

[Event "2015 Edmonton Championship"]
[Site "Edmonton"]
[Date "2015.01.19"]
[Round "1.4"]
[White "Dean, Tim"]
[Black "Matras-Clement, Agnieszka"]
[Result "0-1"]
[WhiteElo "1938"]
[BlackElo "2263"]
[PlyCount "42"]
[EventDate "2015.01.08"]
[EventType "k.o."]
[EventRounds "4"]
[EventCountry "CAN"]

1. e4 c5 2. Nf3 Nc6 3. d4 cxd4 4. Nxd4 Nf6 5. Nc3 e6 6. Be3 Bb4 7. f3 d5 8.
Nxc6 bxc6 9. a3 Bxc3+ 10. bxc3 dxe4 11. Qe2 Qa5 12. Qc4 Qd5 13. Qb4 exf3 14.
Kf2 fxg2 15. Bxg2 Qf5+ 16. Kg1 Bd7 17. Qd6 Nd5 18. Rb1 Nxe3 19. Rb8+ Rxb8 20.
Qxb8+ Ke7 21. Qxh8 Qg4 0-1

[Event "2015 Edmonton Championship"]
[Site "Edmonton"]
[Date "2015.01.19"]
[Round "1.4"]
[White "Zeggelaar, Mike"]
[Black "Hughey, Micah"]
[Result "0-1"]
[WhiteElo "1955"]
[BlackElo "2201"]
[PlyCount "56"]
[EventDate "2015.01.08"]
[EventType "k.o."]
[EventRounds "4"]
[EventCountry "CAN"]

1. e4 e5 2. Nf3 Nc6 3. Bc4 Nf6 4. d4 exd4 5. e5 d5 6. exf6 dxc4 7. O-O Qxf6 8.
Bg5 Qg6 9. Re1+ Be6 10. Nc3 dxc3 11. Qd5 Be7 12. Qb5 O-O-O 13. Bxe7 Nxe7 14.
Ne5 Qf5 15. g4 Qg5 16. h4 Qf4 17. Qc5 Rd5 18. Qxa7 Rxe5 19. Rxe5 Qxe5 20. Qa8+
Kd7 21. Rd1+ Bd5 22. Qxb7 Qe4 23. Qb5+ Kc8 24. Kf1 Qh1+ 25. Ke2 Bf3+ 26. Ke3
Qxd1 27. Qa6+ Bb7 28. Qa3 Qd2# 0-1

[Event "2015 Edmonton Championship"]
[Site "Edmonton"]
[Date "2015.01.22"]
[Round "2.1"]
[White "Matras-Clement, Agnieszka"]
[Black "Gardner, Robert"]
[Result "1-0"]
[WhiteElo "2263"]
[BlackElo "2245"]
[PlyCount "79"]
[EventDate "2015.01.08"]
[EventType "k.o."]
[EventRounds "4"]
[EventCountry "CAN"]

1. e4 g6 2. d4 Bg7 3. Nc3 c6 4. Nf3 b5 5. Bd3 d6 6. h3 Nd7 7. O-O a6 8. a4 b4
9. Ne2 c5 10. c3 Rb8 11. Nf4 e6 12. Qe2 Qb6 13. a5 Qb7 14. Bc4 Ne7 15. Ng5 Nf8
16. Qf3 Nc6 17. Bxa6 Qxa6 18. Nh5 f6 19. Nxf6+ Kd8 20. Ne8 Nxd4 21. cxd4 Bxd4
22. Nxd6 Kd7 23. Ndf7 Rg8 24. Nh6 Rg7 25. Be3 Ke8 26. Bxd4 cxd4 27. Qf6 Rd7 28.
Nhf7 Rbb7 29. Rac1 Ra7 30. Ne5 Rdc7 31. Rxc7 Rxc7 32. Ngf7 Re7 33. Rc1 Bd7 34.
Nxd7 Rxd7 35. Ne5 Re7 36. Nc6 Rd7 37. Nb8 Qb7 38. Nxd7 Qxd7 39. a6 d3 40. a7
1-0

[Event "2015 Edmonton Championship"]
[Site "Edmonton"]
[Date "2015.01.29"]
[Round "2.2"]
[White "Gardner, Robert"]
[Black "Matras-Clement, Agnieszka"]
[Result "0-1"]
[WhiteElo "2245"]
[BlackElo "2263"]
[PlyCount "78"]
[EventDate "2015.01.08"]
[EventType "k.o."]
[EventRounds "4"]
[EventCountry "CAN"]

1. d4 d5 2. c4 e6 3. Nc3 c5 4. cxd5 exd5 5. Nf3 Nc6 6. g3 Nf6 7. Bg2 Be7 8. O-O
O-O 9. Bg5 c4 10. b3 cxb3 11. axb3 Bf5 12. Ne5 Nb4 13. Rc1 Rc8 14. f3 Qa5 15.
e4 Be6 16. f4 dxe4 17. Bxf6 Bxf6 18. Ra1 Qd8 19. Nxe4 Nc2 20. Rxa7 Ne3 21. Qd3
Nxf1 22. Kxf1 Rc1+ 23. Kf2 Bxe5 24. fxe5 Qb6 25. Rxb7 Qa5 26. Qd2 Qxd2+ 27.
Nxd2 f6 28. Ke2 fxe5 29. d5 Bg4+ 30. Kd3 Rf2 31. Rb8+ Kf7 32. Rb7+ Ke8 33. Rxg7
Rxg2 34. Rxg4 Rd1 35. Ke4 Rgxd2 36. Rg8+ Kf7 37. Rd8 Ke7 38. Rh8 Rxd5 39. Rxh7+
Kf6 0-1

[Event "2015 Edmonton Championship"]
[Site "Edmonton"]
[Date "2015.01.29"]
[Round "2.2"]
[White "Pechenkin, Vladimir"]
[Black "Miller, David"]
[Result "1-0"]
[WhiteElo "2384"]
[BlackElo "2222"]
[PlyCount "49"]
[EventDate "2015.01.08"]
[EventType "k.o."]
[EventRounds "4"]
[EventCountry "CAN"]

1. c4 e5 2. g3 Nc6 3. Nc3 f5 4. Nf3 Bb4 5. Nd5 Bc5 6. Nxe5 Nxe5 7. d4 Bb4+ 8.
Nxb4 Qe7 9. dxe5 Qxb4+ 10. Qd2 Qxc4 11. Bg2 Ne7 12. b3 Qc5 13. Bb2 Nc6 14. Rc1
Qe7 15. f4 b6 16. Rxc6 Bb7 17. Re6 dxe6 18. Bxb7 Rd8 19. Bc6+ Kf7 20. Qc3 g5
21. fxg5 Qxg5 22. Bc1 Qe7 23. O-O Kg7 24. b4 h5 25. h4 1-0

[Event "2015 AYCC U12"]
[Site "Edmonton"]
[Date "2015.02.21"]
[Round "2.1"]
[White "Wang, Kaixin"]
[Black "Xu, Andrew"]
[Result "1-0"]
[WhiteElo "1819"]
[BlackElo "1128"]
[PlyCount "107"]
[EventDate "2015.02.22"]
[EventType "swiss"]
[EventRounds "5"]
[EventCountry "CAN"]

1. e4 e5 2. f4 exf4 3. Nf3 Nc6 4. d4 d5 5. Nc3 dxe4 6. Nxe4 Bg4 7. c3 Nf6 8.
Bd3 Nd5 9. Bc4 Be7 10. O-O O-O 11. Nf2 Bxf3 12. Qxf3 Nb6 13. Bb3 Bf6 14. Bxf4
Qd7 15. Rad1 Rad8 16. Ne4 Be7 17. Qg3 Kh8 18. Bxc7 Rc8 19. Bxb6 axb6 20. Bxf7
Rcd8 21. Bc4 Bc5 22. Nxc5 bxc5 23. Rxf8+ Rxf8 24. Bb5 cxd4 25. Bxc6 Qxc6 26.
Rxd4 Qa6 27. Qd3 Qxa2 28. Rd8 Qa1+ 29. Qd1 Qa7+ 30. Kh1 Qf2 31. Rxf8+ Qxf8 32.
h3 h6 33. Kg1 Qf5 34. Qf1 Qc5+ 35. Qf2 Qb5 36. b4 Qd3 37. Qd4 Qxd4+ 38. cxd4
Kg8 39. Kf2 Kf7 40. Kf3 Kf6 41. Kf4 b5 42. g4 g5+ 43. Ke4 Ke6 44. d5+ Kd6 45.
Kd4 Kc7 46. Kc5 Kd7 47. Kxb5 Kc7 48. Kc5 Kb7 49. d6 Kc8 50. Kc6 Kb8 51. d7 Ka7
52. d8=R h5 53. gxh5 g4 54. hxg4 1-0

[Event "2015 AYCC U12"]
[Site "Edmonton"]
[Date "2015.02.21"]
[Round "2.3"]
[White "Mah, Sean"]
[Black "Taranik, Nikita"]
[Result "1-0"]
[WhiteElo "1640"]
[BlackElo "975"]
[PlyCount "29"]
[EventDate "2015.02.22"]
[EventType "swiss"]
[EventRounds "5"]
[EventCountry "CAN"]

1. e4 e5 2. f4 d5 3. exd5 e4 4. Nc3 Nf6 5. d3 exd3 6. Bxd3 Nxd5 7. Nxd5 Qxd5 8.
Nf3 Bg4 9. O-O Bc5+ 10. Kh1 Nc6 11. Qe1+ Qe6 12. Bd2 O-O 13. Bxh7+ Kxh7 14.
Ng5+ Kg8 15. Nxe6 1-0

[Event "2015 AYCC U12"]
[Site "Edmonton"]
[Date "2015.02.21"]
[Round "3.1"]
[White "Grossmann, Lenard"]
[Black "Wang, Kaixin"]
[Result "0-1"]
[WhiteElo "1651"]
[BlackElo "1819"]
[PlyCount "68"]
[EventDate "2015.02.22"]
[EventType "swiss"]
[EventRounds "5"]
[EventCountry "CAN"]

1. e4 c6 2. d4 d5 3. exd5 cxd5 4. c4 Nf6 5. Nc3 Nc6 6. cxd5 Nxd5 7. a3 g6 8. h3
Bg7 9. Nf3 O-O 10. Be3 b6 11. Rc1 Bb7 12. Nxd5 Qxd5 13. Bc4 Qd8 14. O-O e5 15.
dxe5 Nxe5 16. Nxe5 Bxe5 17. Qe2 Qf6 18. Rc2 Rfe8 19. b3 Bf4 20. Qd2 Qg5 21. g4
Rxe3 22. Bxf7+ Kg7 23. Qd4+ Kh6 24. fxe3 Bxe3+ 25. Qxe3 Qxe3+ 26. Rff2 Qg3+ 27.
Kf1 Ba6+ 28. Bc4 Bxc4+ 29. bxc4 Qxh3+ 30. Ke1 Re8+ 31. Kd1 Qxg4+ 32. Kc1 Re1+
33. Kb2 Qd4+ 34. Kb3 Rb1+ 0-1

[Event "2015 AYCC U12"]
[Site "Edmonton"]
[Date "2015.02.21"]
[Round "3.2"]
[White "Mo, Michelle"]
[Black "Mah, Sean"]
[Result "0-1"]
[WhiteElo "1447"]
[BlackElo "1640"]
[PlyCount "96"]
[EventDate "2015.02.22"]
[EventType "swiss"]
[EventRounds "5"]
[EventCountry "CAN"]

1. e4 c6 2. d4 d5 3. exd5 cxd5 4. c4 Nf6 5. Nc3 e6 6. cxd5 Nxd5 7. Nxd5 Qxd5 8.
Nf3 Bd6 9. Be2 O-O 10. O-O Nd7 11. Be3 f5 12. Qc2 b5 13. Ng5 e5 14. Bf3 e4 15.
Nxe4 fxe4 16. Bxe4 Qh5 17. h3 Rb8 18. Rac1 Nf6 19. Rfe1 Bd7 20. Bf3 Qf7 21. Qb3
Qxb3 22. axb3 Rbc8 23. Rxc8 Rxc8 24. Ra1 Rc2 25. Bc1 Bb8 26. Bg5 Rxb2 27. Bxf6
gxf6 28. Bd5+ Kf8 29. Kf1 Rd2 30. Be4 h6 31. d5 Ke7 32. Ke1 Rb2 33. Rb1 Rxb1+
34. Bxb1 Kd6 35. Be4 Kc5 36. Kd1 Kb4 37. Kc2 a5 38. Kb2 a4 39. bxa4 bxa4 40. g4
a3+ 41. Ka2 Bd6 42. Bd3 Kc3 43. Be2 Ba4 44. f4 Bb3+ 45. Ka1 a2 46. Bd1 Ba3 47.
Bxb3 Kxb3 48. d6 Bb2# 0-1

[Event "2015 AYCC U12"]
[Site "Edmonton"]
[Date "2015.02.21"]
[Round "3.3"]
[White "Carlson, Andrew"]
[Black "Robitu, Carla"]
[Result "1/2-1/2"]
[WhiteElo "1282"]
[BlackElo "1244"]
[PlyCount "46"]
[EventDate "2015.02.22"]
[EventType "swiss"]
[EventRounds "5"]
[EventCountry "CAN"]

1. e4 e5 2. Nf3 Nc6 3. Bc4 Bc5 4. c3 d6 5. d4 exd4 6. cxd4 Bb4+ 7. Bd2 Bxd2+ 8.
Qxd2 Nf6 9. Nc3 O-O 10. O-O Ne7 11. e5 Nd7 12. Qd3 Nb6 13. Bb3 Bf5 14. Qe3 d5
15. Rac1 c6 16. Bc2 Nc4 17. Qf4 Qd7 18. Rfe1 Nxb2 19. Rb1 Bxc2 20. Rxb2 Bf5 21.
Na4 b6 22. Nc3 c5 23. Ne2 Rfe8 1/2-1/2

[Event "2015 AYCC U12"]
[Site "Edmonton"]
[Date "2015.02.22"]
[Round "4.1"]
[White "Wang, Kaixin"]
[Black "Mah, Sean"]
[Result "0-1"]
[WhiteElo "1819"]
[BlackElo "1640"]
[PlyCount "106"]
[EventDate "2015.02.22"]
[EventType "swiss"]
[EventRounds "5"]
[EventCountry "CAN"]

1. d4 c6 2. e4 d5 3. exd5 cxd5 4. Bd3 Nc6 5. c3 e5 6. Ne2 e4 7. Bc2 Nf6 8. Bf4
Bg4 9. Nd2 Bd6 10. Bg3 Qc7 11. Nf1 Rc8 12. Ne3 h5 13. Bxd6 Qxd6 14. h3 Be6 15.
Qd2 Na5 16. Ba4+ Bd7 17. Nf5 Qf8 18. Bxd7+ Kxd7 19. Qg5 Rg8 20. Nf4 Nc4 21. Rb1
Nd6 22. Ne3 Nc4 23. Nfxd5 Qd6 24. Qf5+ Qe6 25. Nxf6+ gxf6 26. Qxe6+ fxe6 27.
Nxc4 Rxc4 28. g3 Kd6 29. Ke2 e5 30. Rbd1 Rg7 31. Rd2 exd4 32. Rxd4+ Rxd4 33.
cxd4 Rc7 34. Rd1 Kd5 35. Rd2 Rg7 36. Ke3 f5 37. Rc2 b6 38. b3 h4 39. gxh4 Rh7
40. Kf4 Rxh4+ 41. Kg3 Rh7 42. Rc4 Rg7+ 43. Kf4 Rg2 44. Ke3 f4+ 45. Kxf4 Rxf2+
46. Kg3 Rf3+ 47. Kg2 Rf7 48. Rc2 Kxd4 49. Rf2 Rg7+ 50. Kf1 Kd3 51. Ke1 Rg1+ 52.
Rf1 Rxf1+ 53. Kxf1 Kd2 0-1

[Event "2015 AYCC U12"]
[Site "Edmonton"]
[Date "2015.02.22"]
[Round "4.2"]
[White "Robitu, Carla"]
[Black "Grossmann, Lenard"]
[Result "0-1"]
[WhiteElo "1244"]
[BlackElo "1651"]
[PlyCount "82"]
[EventDate "2015.02.22"]
[EventType "swiss"]
[EventRounds "5"]
[EventCountry "CAN"]

1. e4 c5 2. Nf3 d6 3. c3 Nf6 4. e5 Nfd7 5. Bb5 a6 6. Bxd7+ Nxd7 7. d4 cxd4 8.
exd6 exd6 9. cxd4 Nf6 10. O-O Be7 11. b3 O-O 12. Bb2 d5 13. Re1 Ne4 14. Ne5 Be6
15. f3 Nf6 16. Nd2 Nd7 17. f4 Nxe5 18. fxe5 Bh4 19. Rf1 Bg5 20. Kh1 Rc8 21. Rc1
Rxc1 22. Qxc1 Qa5 23. Bc3 Qxa2 24. Qb1 Qxb1 25. Rxb1 Rc8 26. Nf3 Rxc3 27. Nxg5
h6 28. Nf3 Bf5 29. Rb2 Rc1+ 30. Ng1 Rc2 31. Rxc2 Bxc2 32. b4 Kf8 33. Nf3 Ke7
34. Kg1 Kd7 35. Ne1 Bf5 36. Kf2 Kc6 37. Ke3 Kb5 38. Kd2 Kxb4 39. h3 a5 40. Kc1
Kc3 41. g4 Be4 0-1

[Event "2015 AYCC U12"]
[Site "Edmonton"]
[Date "2015.02.22"]
[Round "4.4"]
[White "Carlson, Andrew"]
[Black "Taranik, Nikita"]
[Result "1-0"]
[WhiteElo "1282"]
[BlackElo "975"]
[PlyCount "77"]
[EventDate "2015.02.22"]
[EventType "swiss"]
[EventRounds "5"]
[EventCountry "CAN"]

1. e4 e5 2. Nf3 Nc6 3. Bc4 Bc5 4. c3 d6 5. d4 exd4 6. cxd4 Bb4+ 7. Bd2 Bxd2+ 8.
Nbxd2 Nf6 9. O-O O-O 10. Re1 Re8 11. Qb3 Be6 12. Bxe6 fxe6 13. Qxb7 Qd7 14. Qb3
Rab8 15. Qc2 d5 16. e5 Ng4 17. h3 Nh6 18. Ng5 g6 19. Ndf3 Rb4 20. Qd2 Reb8 21.
b3 a5 22. Nxe6 Qxe6 23. Qxh6 Nxd4 24. Ng5 Qe7 25. Rac1 Rc8 26. Rc5 Rcb8 27.
Rxa5 c5 28. Ra6 c4 29. bxc4 dxc4 30. Rf6 c3 31. Rf7 Qxf7 32. Nxf7 c2 33. Ng5
R8b7 34. e6 Rb1 35. e7 Rxe1+ 36. Kh2 Rexe7 37. Nxh7 Rxh7 38. Qxg6+ Rbg7 39.
Qe8# 1-0

[Event "2015 AYCC U12"]
[Site "Edmonton"]
[Date "2015.02.22"]
[Round "5.1"]
[White "Mah, Sean"]
[Black "Grossmann, Lenard"]
[Result "1-0"]
[WhiteElo "1640"]
[BlackElo "1651"]
[PlyCount "53"]
[EventDate "2015.02.22"]
[EventType "swiss"]
[EventRounds "5"]
[EventCountry "CAN"]

1. e4 c5 2. Nf3 d6 3. d4 cxd4 4. Nxd4 Nf6 5. Nc3 g6 6. Be3 Bg7 7. f3 O-O 8. Qd2
Nc6 9. O-O-O Nd7 10. h4 Nde5 11. h5 Nxd4 12. Bxd4 Be6 13. hxg6 fxg6 14. f4 Nc4
15. Bxc4 Bxc4 16. Bxg7 Kxg7 17. Qd4+ Rf6 18. Qxc4 Rxf4 19. Nd5 Rf8 20. Nc7 Rf6
21. Ne6+ Rxe6 22. Qxe6 Qc7 23. Rdf1 h5 24. Rxh5 gxh5 25. Rf7+ Kh8 26. Qh6+ Kg8
27. Qg7# 1-0

[Event "2015 AYCC U12"]
[Site "Edmonton"]
[Date "2015.02.22"]
[Round "5.3"]
[White "Xu, Andrew"]
[Black "Mo, Michelle"]
[Result "1-0"]
[WhiteElo "1128"]
[BlackElo "1447"]
[PlyCount "125"]
[EventDate "2015.02.22"]
[EventType "swiss"]
[EventRounds "5"]
[EventCountry "CAN"]

1. e4 c5 2. c3 Nc6 3. Nf3 d6 4. d4 cxd4 5. cxd4 e6 6. Nc3 Nf6 7. Bc4 Be7 8. O-O
O-O 9. Be3 a6 10. a4 Bd7 11. d5 exd5 12. Nxd5 Nxd5 13. Bxd5 Rb8 14. Qb3 Bf6 15.
Bf4 Bg4 16. Rab1 Bxf3 17. Qxf3 Be5 18. Rfd1 Qe7 19. b3 Rbc8 20. Rbc1 Nb4 21.
Bc4 Rb8 22. Rd2 Rbd8 23. Rcd1 Nc6 24. Qg3 Bxf4 25. Qxf4 Qe5 26. Qxe5 dxe5 27.
Rxd8 Rxd8 28. Rxd8+ Nxd8 29. Kf1 Kf8 30. Ke2 f6 31. Kd3 Ke7 32. Bd5 b6 33. Kc4
Kd6 34. b4 Kc7 35. g3 g6 36. f4 h6 37. fxe5 fxe5 38. h3 h5 39. h4 Nb7 40. Bxb7
Kxb7 41. Kd5 Ka7 42. Kxe5 Kb7 43. Kd6 Kc8 44. Ke7 Kc7 45. Kf7 Kd6 46. Kf6 Kd7
47. e5 Ke8 48. Ke6 Kf8 49. Kd7 g5 50. e6 gxh4 51. gxh4 Kg7 52. e7 Kf6 53. e8=Q
Kf5 54. Qe6+ Kf4 55. Qd5 Ke3 56. Qc4 Kf3 57. Ke6 Ke3 58. Kf5 Kf3 59. Qd3+ Kf2
60. Kf4 Ke1 61. Qc2 Kf1 62. Kf3 Ke1 63. Qe2# 1-0

[Event "2015 AYCC U14"]
[Site "Edmonton"]
[Date "2015.02.21"]
[Round "1.2"]
[White "Wu, Chenxi"]
[Black "Mah, Sydney"]
[Result "1-0"]
[WhiteElo "1663"]
[BlackElo "1300"]
[PlyCount "27"]
[EventDate "2015.02.22"]
[EventType "swiss"]
[EventRounds "5"]
[EventCountry "CAN"]

1. e4 e6 2. d4 d5 3. e5 Ne7 4. Bd3 Nbc6 5. Nf3 Nf5 6. c3 Be7 7. Qc2 O-O 8. g4
Nh6 9. Bxh7+ Kh8 10. Bxh6 gxh6 11. h4 f5 12. gxf5 Kxh7 13. f6+ Kg8 14. Qg6+ 1-0

[Event "2015 AYCC U14"]
[Site "Edmonton"]
[Date "2015.02.21"]
[Round "2.2"]
[White "Saheb, Arya"]
[Black "Koneru, Nimai"]
[Result "0-1"]
[WhiteElo "1667"]
[BlackElo "1583"]
[PlyCount "52"]
[EventDate "2015.02.22"]
[EventType "swiss"]
[EventRounds "5"]
[EventCountry "CAN"]

1. d4 d5 2. c4 e6 3. Nc3 c6 4. Bf4 Nf6 5. f3 Bd6 6. Bg3 Bxg3+ 7. hxg3 Nbd7 8.
c5 b6 9. b4 a5 10. Qa4 Qc7 11. f4 Bb7 12. Nf3 axb4 13. Qxb4 bxc5 14. dxc5 O-O
15. e4 dxe4 16. Nxe4 Qa5 17. Qxa5 Rxa5 18. Rb1 Nxe4 19. Rxb7 Ndxc5 20. Rb6 Rxa2
21. Rh3 Ra1+ 22. Ke2 Nc3+ 23. Kf2 N5e4+ 24. Kg1 Ne2+ 25. Kh2 Rxf1 26. Rxc6 Nf2
0-1

[Event "2015 AYCC U14"]
[Site "Edmonton"]
[Date "2015.02.21"]
[Round "2.3"]
[White "Wu, Chenxi"]
[Black "Yao, David"]
[Result "1/2-1/2"]
[WhiteElo "1663"]
[BlackElo "1559"]
[PlyCount "40"]
[EventDate "2015.02.22"]
[EventType "swiss"]
[EventRounds "5"]
[EventCountry "CAN"]

1. e4 c5 2. Nf3 d6 3. d4 cxd4 4. Nxd4 Nf6 5. Nc3 g6 6. Be3 Bg7 7. Be2 O-O 8. f3
Nc6 9. Qd2 d5 10. exd5 Nxd5 11. Nxd5 Qxd5 12. Nxc6 Qxc6 13. c3 Bf5 14. O-O Rfd8
15. Qe1 Qe6 16. Qf2 Bd3 17. Bxd3 Rxd3 18. Rfe1 Qd7 19. Qe2 Rd8 20. Kh1 b5
1/2-1/2

[Event "2015 AYCC U14"]
[Site "Edmonton"]
[Date "2015.02.21"]
[Round "3.1"]
[White "Koneru, Nimai"]
[Black "Wang, Jeff"]
[Result "1/2-1/2"]
[WhiteElo "1583"]
[BlackElo "1611"]
[PlyCount "37"]
[EventDate "2015.02.22"]
[EventType "swiss"]
[EventRounds "5"]
[EventCountry "CAN"]

1. d4 Nf6 2. Bf4 e6 3. e3 b6 4. Nf3 Bb7 5. c4 Bb4+ 6. Nbd2 O-O 7. a3 Be7 8. Bd3
d5 9. O-O Nbd7 10. h3 c5 11. Qc2 Rc8 12. Qa4 cxd4 13. exd4 a6 14. Qd1 dxc4 15.
Bxc4 b5 16. Ba2 Nb6 17. Rc1 Rxc1 18. Qxc1 Nbd5 19. Be3 1/2-1/2

[Event "2015 AYCC U14"]
[Site "Edmonton"]
[Date "2015.02.21"]
[Round "3.2"]
[White "Wu, Chenxi"]
[Black "Saheb, Arya"]
[Result "1-0"]
[WhiteElo "1663"]
[BlackElo "1667"]
[PlyCount "71"]
[EventDate "2015.02.22"]
[EventType "swiss"]
[EventRounds "5"]
[EventCountry "CAN"]

1. e4 c5 2. Nf3 Nc6 3. d4 cxd4 4. Nxd4 Nf6 5. Nc3 a6 6. g3 d6 7. Bg2 e6 8. O-O
Qb6 9. Nde2 Be7 10. h3 O-O 11. g4 h6 12. Ng3 Rd8 13. Na4 Qb4 14. c3 Qa5 15. Be3
Nd7 16. b4 Qe5 17. f4 Qf6 18. Nh5 Qg6 19. f5 exf5 20. exf5 Qh7 21. Be4 Nf6 22.
Nxf6+ Bxf6 23. Nb6 Rb8 24. Nd5 Re8 25. Nxf6+ gxf6 26. Bxc6 bxc6 27. Qxd6 Bb7
28. Bd4 h5 29. Qxf6 hxg4 30. Qg5+ Kf8 31. Bc5+ Re7 32. Qxe7+ Kg8 33. Qg5+ Qg7
34. Qxg4 Qxg4+ 35. hxg4 f6 36. Rad1 1-0

[Event "2015 AYCC U14"]
[Site "Edmonton"]
[Date "2015.02.21"]
[Round "3.3"]
[White "Shrestha, Prayus"]
[Black "Yao, David"]
[Result "0-1"]
[WhiteElo "1449"]
[BlackElo "1559"]
[PlyCount "66"]
[EventDate "2015.02.22"]
[EventType "swiss"]
[EventRounds "5"]
[EventCountry "CAN"]

1. Nf3 Nf6 2. d4 d5 3. e3 g6 4. c4 Bg7 5. cxd5 Nxd5 6. e4 Nf6 7. Nc3 O-O 8. Be2
c6 9. O-O Nbd7 10. h3 Nb6 11. Bf4 Be6 12. Qc2 Bc4 13. Rad1 Bxe2 14. Qxe2 e6 15.
Bg5 Qc7 16. Qd2 Nh5 17. g4 Nf6 18. e5 Nfd5 19. Rfe1 Nxc3 20. bxc3 Qd7 21. Bf6
Qd5 22. Qf4 h6 23. h4 Qxa2 24. Bxg7 Kxg7 25. h5 Nd5 26. Qc1 Qc4 27. g5 hxg5 28.
Qxg5 Qxc3 29. Nh4 Rh8 30. hxg6 Rag8 31. f4 Qh3 32. Ng2 Rh5 33. Rd3 Qh2+ 0-1

[Event "2015 AYCC U14"]
[Site "Edmonton"]
[Date "2015.02.22"]
[Round "4.2"]
[White "Yao, David"]
[Black "Koneru, Nimai"]
[Result "1/2-1/2"]
[WhiteElo "1559"]
[BlackElo "1583"]
[PlyCount "94"]
[EventDate "2015.02.22"]
[EventType "swiss"]
[EventRounds "5"]
[EventCountry "CAN"]

1. Nf3 Nf6 2. g3 d5 3. Bg2 e6 4. d4 c5 5. c3 Nc6 6. O-O b6 7. Re1 Bb7 8. Bg5
Be7 9. Nbd2 O-O 10. Nb3 Ne4 11. Bxe7 Qxe7 12. Nfd2 f5 13. Nxe4 fxe4 14. f3 exf3
15. exf3 Rae8 16. f4 c4 17. Nd2 Qf6 18. Qc2 b5 19. Re2 b4 20. Rae1 Nd8 21. Qa4
Nc6 22. Bxd5 Nxd4 23. Bxb7 Nxe2+ 24. Rxe2 e5 25. Bd5+ Kh8 26. Nxc4 bxc3 27.
bxc3 e4 28. Qc2 g5 29. Rxe4 Rxe4 30. Qxe4 gxf4 31. Qxf4 Qxf4 32. gxf4 Rxf4 33.
Nd2 Ra4 34. Kf2 Kg7 35. Kf3 Kf6 36. Bb3 Ra5 37. c4 Rh5 38. Kg3 Rg5+ 39. Kf2 Ra5
40. Nf3 Rc5 41. h4 a6 42. Kg3 Kf5 43. Bc2+ Kf6 44. Bb3 Kf5 45. Bc2+ Kf6 46. Nd2
Ke5 47. Nf3+ Kf6 1/2-1/2

[Event "2015 AYCC U14"]
[Site "Edmonton"]
[Date "2015.02.22"]
[Round "5.1"]
[White "Wu, Chenxi"]
[Black "Koneru, Nimai"]
[Result "1/2-1/2"]
[WhiteElo "1663"]
[BlackElo "1583"]
[PlyCount "56"]
[EventDate "2015.02.22"]
[EventType "swiss"]
[EventRounds "5"]
[EventCountry "CAN"]

1. e4 c6 2. d4 d5 3. e5 Bf5 4. Nf3 e6 5. Nc3 Nd7 6. Ne2 h6 7. Ng3 Bh7 8. h4 Ne7
9. h5 Nf5 10. Nxf5 Bxf5 11. Nh4 Bh7 12. Bd3 Bxd3 13. cxd3 Be7 14. Qg4 Bg5 15.
f4 Bxh4+ 16. Rxh4 Qe7 17. Rh3 O-O-O 18. Bd2 Kb8 19. a3 Rdg8 20. Bb4 Qe8 21.
Bd6+ Ka8 22. b4 f6 23. a4 g6 24. Kf2 gxh5 25. Qxh5 Qg6 26. Qxg6 Rxg6 27. Rg3
Rhg8 28. Rxg6 Rxg6 1/2-1/2

[Event "2015 AYCC U14"]
[Site "Edmonton"]
[Date "2015.02.22"]
[Round "5.2"]
[White "Wang, Jeff"]
[Black "Yao, David"]
[Result "1-0"]
[WhiteElo "1611"]
[BlackElo "1559"]
[PlyCount "95"]
[EventDate "2015.02.22"]
[EventType "swiss"]
[EventRounds "5"]
[EventCountry "CAN"]

1. e4 e6 2. d4 d5 3. Nd2 Nf6 4. e5 Nfd7 5. Ngf3 c5 6. c3 Nc6 7. Bd3 Qb6 8. dxc5
Bxc5 9. Qe2 Qc7 10. Nb3 Be7 11. Bf4 Nc5 12. Nxc5 Bxc5 13. O-O Ne7 14. Rfe1 Bd7
15. a4 a5 16. Rec1 Qd8 17. h3 Rb8 18. Qd2 b5 19. b4 Ba7 20. axb5 Bxb5 21. Rxa5
Bxd3 22. Qxd3 Qd7 23. Rca1 Bb6 24. Ra6 O-O 25. c4 Qb7 26. c5 Bc7 27. Ra7 Qxb4
28. Rxc7 Qxf4 29. Rxe7 h6 30. c6 Rbc8 31. g3 Qb4 32. Rb7 Qc5 33. Nd4 Rb8 34.
Rab1 Rbc8 35. R1b5 Qc1+ 36. Kg2 Rfd8 37. Rb3 Qe1 38. c7 Rd7 39. Nf3 Qe4 40. Qb5
Rdxc7 41. Rxc7 Rd8 42. Qb7 Qg6 43. Qa7 d4 44. Nxd4 Qe4+ 45. Nf3 Rf8 46. Rbb7
Qg6 47. Rb8 Rxb8 48. Qxb8+ 1-0

[Event "2015 AYCC U16"]
[Site "Edmonton"]
[Date "2015.02.21"]
[Round "1.2"]
[White "Saheb, Salar"]
[Black "Schlegel, Zacchary"]
[Result "1-0"]
[WhiteElo "1853"]
[BlackElo "1381"]
[PlyCount "53"]
[EventDate "2015.02.22"]
[EventType "swiss"]
[EventRounds "5"]
[EventCountry "CAN"]

1. d4 d5 2. c4 e6 3. Nf3 Nf6 4. h3 Nc6 5. Nc3 Bd6 6. c5 Be7 7. a3 O-O 8. Bf4 a6
9. e3 Re8 10. b4 Bf8 11. Bd3 g6 12. Qc2 Nd7 13. O-O e5 14. dxe5 Ndxe5 15. Nxe5
Nxe5 16. Rad1 Nxd3 17. Qxd3 c6 18. e4 Bg7 19. Rfe1 Qf6 20. Bd2 dxe4 21. Nxe4
Qd8 22. Qxd8 Rxd8 23. Nd6 Bf8 24. Bg5 Rd7 25. Re8 Kg7 26. Nf5+ gxf5 27. Rxd7
1-0

[Event "2015 AYCC U16"]
[Site "Edmonton"]
[Date "2015.02.21"]
[Round "2.1"]
[White "Shi, Diwen"]
[Black "Burn, Johnny"]
[Result "1-0"]
[WhiteElo "2198"]
[BlackElo "1605"]
[PlyCount "49"]
[EventDate "2015.02.22"]
[EventType "swiss"]
[EventRounds "5"]
[EventCountry "CAN"]

1. e4 e5 2. Nf3 Nc6 3. Nc3 Nf6 4. Bb5 d6 5. d4 exd4 6. Nxd4 Bd7 7. Bxc6 Bxc6 8.
Nxc6 bxc6 9. Qf3 Nd7 10. O-O Be7 11. Qg3 O-O 12. b3 f5 13. exf5 Rxf5 14. Bb2
Rg5 15. Qh3 Nc5 16. f4 Rg6 17. f5 Rh6 18. Qf3 d5 19. Bc1 Bg5 20. Bxg5 Qxg5 21.
Nxd5 Re8 22. f6 gxf6 23. Nxf6+ Rxf6 24. Qxf6 Qxf6 25. Rxf6 1-0

[Event "2015 AYCC U16"]
[Site "Edmonton"]
[Date "2015.02.21"]
[Round "3.1"]
[White "Saheb, Salar"]
[Black "Shi, Diwen"]
[Result "0-1"]
[WhiteElo "1853"]
[BlackElo "2198"]
[PlyCount "56"]
[EventDate "2015.02.22"]
[EventType "swiss"]
[EventRounds "5"]
[EventCountry "CAN"]

1. d4 Nf6 2. c4 Nc6 3. Nc3 e5 4. dxe5 Nxe5 5. e3 Bb4 6. Bd2 O-O 7. a3 Bxc3 8.
Bxc3 Qe7 9. Qc2 Rd8 10. Bxe5 Qxe5 11. Nf3 Qe7 12. Bd3 d5 13. cxd5 Bg4 14. O-O-O
c6 15. dxc6 Rdc8 16. Qa4 Rxc6+ 17. Kb1 Rb6 18. h3 Bd7 19. Qa5 Ne4 20. Bxe4
Qxe4+ 21. Ka1 Be6 22. Rd4 Qc2 23. Rd2 Qb3 24. Kb1 Rc8 25. Qc5 Qa2+ 26. Kc2
Rxc5+ 27. Kd1 Qb1+ 28. Ke2 Bc4+ 0-1

[Event "2015 AYCC U16"]
[Site "Edmonton"]
[Date "2015.02.22"]
[Round "4.1"]
[White "Shi, Diwen"]
[Black "Schlegel, Zacchary"]
[Result "1-0"]
[WhiteElo "2198"]
[BlackElo "1381"]
[PlyCount "53"]
[EventDate "2015.02.22"]
[EventType "swiss"]
[EventRounds "5"]
[EventCountry "CAN"]

1. e4 c5 2. Nf3 Nc6 3. d4 cxd4 4. Nxd4 d6 5. Nc3 Nf6 6. Be2 g6 7. Be3 Bg7 8. f3
O-O 9. g4 a6 10. Qd2 Ne8 11. O-O-O Nxd4 12. Bxd4 Bxd4 13. Qxd4 Qa5 14. a3 e5
15. Qe3 Kg7 16. h4 f6 17. g5 Qc5 18. Qxc5 dxc5 19. Na4 fxg5 20. hxg5 Nc7 21.
Nb6 Rb8 22. Nxc8 Rbxc8 23. Rd7+ Rf7 24. Rxh7+ Kxh7 25. Rxf7+ Kg8 26. Bc4 Kh8
27. Re7 1-0